• AIU
  • Tony Wilmot Memorial Library

Bibeli Mimo : tabi majemu Lailai ati Tit. (Record no. 40172)

MARC details
000 -LEADER
fixed length control field 00729nam a22002051a 4500
005 - DATE AND TIME OF LATEST TRANSACTION
control field 20110718133204.0
008 - FIXED-LENGTH DATA ELEMENTS--GENERAL INFORMATION
fixed length control field 091005s1960 001 0 eng d
020 ## - INTERNATIONAL STANDARD BOOK NUMBER
International Standard Book Number 9783481037 :
Terms of availability 0.00
040 ## - CATALOGING SOURCE
Original cataloging agency NEGST Library - Kenya
050 #4 - LIBRARY OF CONGRESS CALL NUMBER
Classification number BS 325.Y67 1960
082 0# - DEWEY DECIMAL CLASSIFICATION NUMBER
Classification number BS 325.Y67 1960
100 1# - MAIN ENTRY--PERSONAL NAME
Personal name Bible Society of Nigeria.
245 10 - TITLE STATEMENT
Title Bibeli Mimo : tabi majemu Lailai ati Tit.
260 ## - PUBLICATION, DISTRIBUTION, ETC. (IMPRINT)
Place of publication, distribution, etc Lagos :
Name of publisher, distributor, etc Bible Society of Nigeria,
Date of publication, distribution, etc 1960.
300 ## - PHYSICAL DESCRIPTION
Extent 1072 p.
500 ## - GENERAL NOTE
General note "The Holy Bible in Yoruba; O.T. reprinted from the edition of 1900; N.T. corrected 1959." - T.p. verso. [Africana}
600 10 - SUBJECT ADDED ENTRY--PERSONAL NAME
Personal name Bible. Yoruba. 1960.
600 10 - SUBJECT ADDED ENTRY--PERSONAL NAME
Personal name Yoruba language - Texts.
852 ## - LOCATION/CALL NUMBER
-- 4.00
Holdings
Withdrawn status Lost status Source of classification or shelving scheme Damaged status Not for loan Collection code Home library Current library Shelving location Date acquired Cost, normal purchase price Total Checkouts Full call number Barcode Date last seen Price effective from Koha item type
    Library of Congress Classification     Reference AIU/NEGST - Tony Wilmot Memorial Library AIU/NEGST - Tony Wilmot Memorial Library Reference 10/05/2009 4.00   REF BS 325.Y67 1960 R49025Y3232 09/26/2019 10/05/2009 Africana collection ( Reference)